Logo BPK

Biblioteka

Politechniki Koszalińskiej

Wielki słownik polsko-niemiecki. (Rekord nr 35255)

Szczegóły MARC
000 -ETYKIETA REKORDU
podpole kontrolne o stałej długości 00386nam a2200145 i 4500
001 - NUMER KONTROLNY REKORDU
pole kontrolne bg
040 ## - ŹRÓDŁO KATALOGOWANIA
Instytucja, która utworzyła rekord BPK
041 ## - KOD JĘZYKA
Kod języka tekstu pol
008 - POLE O STAŁEJ DŁUGOŚCI - DANE KONTROLNE
podpole kontrolne o stałej długości s pl f |000 0 pol
100 1# - NAZWA OSOBOWA
Nazwa osobowa Piprek, Jan.
245 #0 - TYTUŁ/ODPOWIEDZIALNOŚĆ
Tytuł Wielki słownik polsko-niemiecki.
Oznaczenie części/sekcji dzieła T. 2,
Tytuł części/sekcji dzieła A-Ó /
Pozostałe elementy strefy tytułu i oznaczenia odpowiedzialności Jan Piprek, Juliusz Ippoldt.
260 ## - STREFA ADRESU WYDAWNICZEGO
Miejsce wydania Warszawa,
Data publikacji, dystrybucji/powstania dokumentu 1979.
700 1# - HASŁO DODATKOWE - NAZWA OSOBOWA
Nazwa osobowa Ippoldt, Juliusz
Daty związane z nazwą (1867-1960).
856 ## - LOKALIZACJA I DOSTĘP DO ELEKTRONICZNYCH DOKUMENTÓW ZDALNYCH
Link (URL) http://koha.tu.koszalin.pl/cgi-bin/koha/opac-detail.pl?biblionumber=35255
Tekst linku Katalog online BPK
942 ## - DODATKOWE ELEMENTY (KOHA)
Typ dokumentu Książka
Egzemplarze
Wycofany Status egzemplarza Uszkodzony Dostępność Lokalizacja stała Lokalizacja bieżąca Miejsce przechowywania Sygnatura Kod kreskowy Dział Typ dokumentu
      Tylko na miejscu Czytelnia Wydziału Elektroniki i Informatyki, Wydziału Architektury i Wzornictwa, Wydziału Inżynierii Mechanicznej i Energetyki oraz Wydziału Inżynierii Lądowej, Środowiska i Geodezji Czytelnia Wydziału Elektroniki i Informatyki, Wydziału Architektury i Wzornictwa, Wydziału Inżynierii Mechanicznej i Energetyki oraz Wydziału Inżynierii Lądowej, Środowiska i Geodezji Czytelnia Wydziałowa ul. Śniadeckich 2 P 24308 02229614 811.112.2 J. niemiecki Książka
© 2023 Biblioteka Politechniki Koszalińskiej :: KOHA